| 000 | 00341nam a2200145Ia 4500 | ||
|---|---|---|---|
| 008 | 200103s9999||||xx |||||||||||||| ||und|| | ||
| 020 | _a1870077067 | ||
| 040 | _aIMU-MPC | ||
| 082 | _aColumn-1 | ||
| 100 | _aThe Nautical institute | ||
| 245 | 0 | _aShips and Water | |
| 260 |
_bThe Nautical institute _c1990 |
||
| 300 | _avii, 95 | ||
| 942 | _cBK | ||
| 999 |
_c2593 _d2593 |
||